Costos de construcción pesada y edificación (Record no. 155005)
[ view plain ]
| 000 -LEADER | |
|---|---|
| fixed length control field | 00756nam a22002057a 4500 |
| 005 - DATE AND TIME OF LATEST TRANSACTION | |
| control field | 20240517084435.0 |
| 008 - FIXED-LENGTH DATA ELEMENTS--GENERAL INFORMATION | |
| fixed length control field | 120612t mx ||||| |||| 00| 0 spa d |
| 050 04 - LIBRARY OF CONGRESS CALL NUMBER | |
| Classification number | TA151 |
| Item number | V37 1993 |
| 100 1# - MAIN ENTRY--PERSONAL NAME | |
| Personal name | Varela Alonso, Leopoldo |
| 245 10 - TITLE STATEMENT | |
| Title | Costos de construcción pesada y edificación |
| Statement of responsibility, etc | / Leopoldo Varela Alonso. |
| 250 ## - EDITION STATEMENT | |
| Edition statement | 23a ed. |
| 260 ## - PUBLICATION, DISTRIBUTION, ETC. (IMPRINT) | |
| Place of publication, distribution, etc | México : |
| Name of publisher, distributor, etc | Compuobras, |
| Date of publication, distribution, etc | 1993 |
| 300 ## - PHYSICAL DESCRIPTION | |
| Extent | 4v. : |
| Other physical details | il. ; |
| Dimensions | 28 cm. |
| 504 ## - BIBLIOGRAPHY, ETC. NOTE | |
| Bibliography, etc | Incluye bibliografía |
| 505 ## - FORMATTED CONTENTS NOTE | |
| Title | T.1 Edificación e instalaciones -- |
| -- | T.2 Obra pesada -- |
| -- | T.3 Obra industrial -- |
| -- | T.4 Ingeniería de costos y maquinaria. |
| 650 #7 - SUBJECT ADDED ENTRY--TOPICAL TERM | |
| Source of heading or term | lemb |
| Topical term or geographic name as entry element | Ingeniería civil |
| Form subdivision | Manual |
| 700 1# - ADDED ENTRY--PERSONAL NAME | |
| Personal name | Gutiérrez Díez, Luis, |
| Relator term | tr. |
| 700 1# - ADDED ENTRY--PERSONAL NAME | |
| Personal name | Gutiérrez Vázquez, Angel, |
| Relator term | tr. |
| 942 ## - ADDED ENTRY ELEMENTS (KOHA) | |
| Source of classification or shelving scheme | Biblioteca del Cogreso de los Estados Unidos |
| Koha item type | Libro |
| Estado de pérdida | Fuente de clasificación | Estado del daño | No para préstamo | Ubicación permanente | Ubicación actual | Apartado o colección | Fecha de adquisición | Fuente de adquisición | Edición | Enumeración de Serie / Cronológica | Área del conocimiento | Total Checkouts | Clasificación | Código de Barras | Date last seen | Número de copia | Costo por reposición | Tipo de recurso |
|---|---|---|---|---|---|---|---|---|---|---|---|---|---|---|---|---|---|---|
| Biblioteca del Cogreso de los Estados Unidos | Biblioteca de la Facultad de Ingeniería Civil | Biblioteca de la Facultad de Ingeniería Civil | General | 17/05/2024 | Donación | 23a ed. | T:4 | Ingeniería y Tecnología | TA151 V37 1993 | BIC000001156 | 17/05/2024 | 1 | 1.00 | Libro |